[Event "Bundesliga 0607"]
[Site "Germany"]
[Date "2006.11.19"]
[Round "4.4"]
[White "Chuchelov, Vladimir"]
[Black "Babula, Vlastimil"]
[Result "1/2-1/2"]
[WhiteElo "2539"]
[BlackElo "2584"]
[Annotator "Babula/Meyer,CD"]
[PlyCount "64"]
[EventDate "2006.10.28"]
[EventType "team-tourn"]
[EventRounds "15"]
[EventCountry "GER"]
[SourceTitle "CBM 116"]
[Source "ChessBase"]
[SourceDate "2007.02.01"]
[SourceVersion "1"]
[SourceVersionDate "2007.02.01"]
[SourceQuality "1"]
[WhiteTeam "Katernberg"]
[BlackTeam "Werder Bremen"]
[WhiteTeamCountry "GER"]
[BlackTeamCountry "GER"]

1. d4 Nf6 2. c4 e6 3. Nc3 Bb4 4. Nf3 c5 5. g3 cxd4 6. Nxd4 Ne4 7. Qd3 Bxc3+ 8.
bxc3 Nc5 9. Qf3 d6 10. Bg2 O-O $6 ({Erst} 10... Nbd7 $1 11. O-O Ne5 12. Qf4 Bd7
{, also die Rochade aufzuschieben und den Damenspringer nach e5 zu überführen,
gilt als stärker und erlaubt es Schwarz, seine Eröffnungsprobleme leicht zu
lösen.} 13. Nb5 (13. Nb3 Rc8) 13... Bxb5 14. cxb5 O-O) 11. O-O Nbd7 12. Rd1 Ne5
13. Qf4 Bd7 (13... Nxc4 $2 14. Nb3 $16) 14. Nb3 $1 {Die ungenaue Zugfolge des
Schwarzen wird hiermit geahndet, während} (14. Nb5 Bxb5 15. cxb5 {wieder zur o.
a. Hauptvariante überleiten würde.}) 14... Ba4 (14... Qc7 $2 15. Nxc5 Qxc5 (
15... dxc5 16. Rxd7) 16. Be3 Qc7 17. c5 d5 18. c4 $16) 15. Qxe5 $5 $146 ({
Eine interessante Neuerung, die Chuchelov am Brett eingefallen ist, anstelle
des bekannten (und soliden)} 15. Ba3 $5 Bxb3 16. axb3 Qc7 17. Bxc5 $6 (17. Rab1
$142 $14) 17... dxc5 18. Bxb7 Rab8 $6 {P. Wells - P. Smirnov, EU-ch Warschau
2005, Gavrikov/CBM} (18... Qxb7 $142 19. Qxe5 Qxb3 20. Qxc5 Qxc3 $11)) 15...
Nxb3 (15... dxe5 $2 16. Rxd8 Rfxd8 17. Nxc5 Rd1+ 18. Bf1 $16) 16. Rxd6 (16.
axb3 $6 dxe5 17. Rxd8 Raxd8 18. bxa4 Rd1+ 19. Bf1 Rc8 $15 {<=>}) 16... Nxa1 17.
Rxd8 Raxd8 18. Bxb7 $1 ({Die Pointe der weißen Idee. Nach} 18. Be3 $6 {indes
wird das Spiel unklar:} Rd1+ 19. Bf1 Bd7 (19... Nc2 20. Bxa7 Bc6 $44) (19...
Bc6 $2 20. Bd4) 20. Bd4 f6 21. Qc7 Bc6 22. Bxa7 Nc2 23. f3 Re8 24. Kf2 Na3 25.
e4 Rd2+ 26. Kg1 (26. Ke3 Rxh2) 26... Rxa2 $13) 18... Rd1+ 19. Kg2 Rxc1 20. Qa5
$2 ({Ein schwerwiegender Zeitverlust! Statt dessen hätte} 20. c5 {den
wohlverdienten Vorteil festgehalten. Babula meint jedoch, daß Schwarz nach dem
weiteren} Rb1 $5 (20... Rc2 $6 21. c6 Bxc6+ 22. Bxc6 Rxa2 23. Qb5 g6 24. Qb1
Ra6 25. Bf3) 21. c6 Rb6 22. Qe4 Bc2 23. Qc4 Nb3 $1 24. Qa4 Be4+ $1 25. Qxe4 Nc5
26. Qc4 Nxb7 27. cxb7 Rxb7 $14 {das Gleichgewicht halten kann} {(} 28. a4 a5 $1
{).}) 20... Bd1 $1 21. c5 $2 ({Das sollte der letzte Fehler in der Partie
gewesen sein, während} 21. Qa3 $142 $1 {mit weiterhin kompliziertem Spiel
erforderlich war. Zwar wäre Schwarz darauf auch am Drücker gewesen, aber er
hätte nach z.B.} Rb1 22. Be4 Bc2 23. Bc6 $1 (23. Bxc2 $6 Nxc2 24. Qxa7 Ne1+ $17
) 23... Bf5 (23... Bg6 24. c5) (23... Re1 24. Bf3) 24. g4 $1 Nc2 (24... Bxg4 $2
25. Be4 $1 Rbb8 (25... Re1 $2 26. Bxh7+) 26. Bd3 Bf5 27. Qc1) 25. Qa4 $15 {
nichts Entscheidendes erreicht.}) 21... Bxe2 22. c6 ({Für} 22. Qa3 {war jetzt
keine Zeit mehr:} Rd1 23. Qxa7 Nc2 24. Kh3 (24. h4 Ne1+) 24... f5 {mit
vernichtender Attacke}) 22... Nc2 $1 {Bläst die finale Jagd auf den weißen
König an!} 23. c7 ({Andere, prophylaktische Maßnahmen scheitern ebenfalls.
Hier bietet sich reichlich Tüftelarbeit, z.B.: I} 23. g4 Ne1+ 24. Kg3 Bf3 25.
Qxa7 (25. g5 f5 26. Kf4 (26. gxf6 Rxf6 27. Qd8+ Rf8 28. Qd2 (28. Qe7 Bd5 $19)
28... Nd3 $19) 26... Bd5 27. Ke5 (27. Qxa7 Rxc3 $19) 27... Nd3+ 28. Kd6 Nxf2
$19) 25... f5 26. gxf5 exf5 27. Kf4 Rxc3 $19) ({II} 23. h4 Ne1+ 24. Kh3 f5 $19
25. c7 Bg4+ 26. Kh2 Nf3+ 27. Bxf3 Bxf3 28. g4 f4 {nebst Rh1#}) ({III} 23. f4
Rf1 $1 24. Qxa7 Ne1+ 25. Kh3 f5 $1 26. c7 Bg4+ 27. Kh4 h6 28. h3 Bf3 29. g4
Bxb7 30. Qxb7 Rf3 31. Qb2 Kh7 32. Qe2 (32. Qh2 Re3 $19) 32... Re3 $19) ({IV} 
23. f3 Ne1+ 24. Kf2 (24. Kh3 f5 $19) 24... Bxf3 25. Qb5 Bd5 (25... Be4 $5 {/\}
26. c7 Rb1) 26. c7 (26. Ke2 Nf3) 26... Bxb7 27. Qxb7 Nd3+ 28. Ke3 Rxc3 29. Kd4
Nc5 $1 30. c8=Q (30. Qb1 Na4 31. Qb4 Rxc7 $19) 30... Rd3+ 31. Kxc5 Rc3+ 32. Kd4
Rfxc8 $19) 23... Ne1+ 24. Kh3 f5 $1 $19 ({Hält den Wanderkönig fest, während} 
24... h5 {nach} 25. Kh4 {auf ungeahnte Schwierigkeiten stößt, z.B.} Bf3 $1 (
25... f6 $2 26. g4 $13) 26. Qa3 Bxb7 27. Qxc1 Nf3+ 28. Kh3 (28. Kxh5 $2 f5 {
/\Kh7, g6#}) 28... Rc8 $17 (28... e5 $17)) 25. Qa3 ({Alternativen: I} 25. Qb4
Bg4+ 26. Kh4 h6 $19 {und gewinnt - analog der Anmerkung zum 25. Zug von
Schwarz.}) ({II} 25. f3 g5 $19 26. g4 Bf1+ 27. Kg3 f4+ 28. Kf2 Nd3+ 29. Kg1
Bh3#) ({III} 25. g4 g5 $1 (25... fxg4+ $2 26. Kh4 $1 $13 (26. Kg3 $2 Nf3 $1 $19
)) 26. f4 (26. Bg2 h5) 26... Nd3 $1 $19 {und die Strapazen wird Weiß nicht
überstehen}) ({IV} 25. Kh4 h6 26. f4 Bg4 {/\Rc2-+} 27. Qxa7 Rc2 28. Qg1 Kf7 $19
{nebst Mattsetzung}) 25... g5 $2 $138 ({Schade! Mit nur noch ein paar Minuten
Bedenkzeit übersieht Babula die prächtige Krönung seines Mattangriffs:} 25...
Bg4+ 26. Kh4 h6 $1 {und nun} 27. Qxf8+ (27. Qxc1 Nf3+ 28. Bxf3 g5+ 29. Qxg5+
hxg5+ 30. Kxg5 Bxf3 $19) (27. f4 Rc2 28. Qxf8+ Kh7 29. h3 Rh2 $19) 27... Kxf8
28. c8=Q+ Kf7 29. Qd7+ (29. f4 Rc2 30. Qd7+ Kg8 31. h3 Rh2 32. Qxe6+ Kh7 $19)
29... Kg8 30. Qxe6+ Kh7 $19 31. Qf7 Rc2 32. Bd5 (32. h3 Rxf2 $19) 32... Ng2+ $1
33. Bxg2 Rxf2 34. h3 Rxg2 $19) 26. Qxf8+ $8 {Diese Gelegenheit zum Dauerschach
läßt sich Weiß natürlich nicht entgehen.} Kxf8 27. c8=Q+ $11 Kf7 28. Qd7+ Kf6
29. Qd8+ Kg6 30. Qe8+ Kf6 31. Qd8+ Kg6 32. Qe8+ Kf6 1/2-1/2

[Event "Goglidze Memorial"]
[Site "Tbilisi"]
[Date "1983.??.??"]
[Round "?"]
[White "Ubilava, Elizbar"]
[Black "Sturua, Zurab"]
[Result "1-0"]
[WhiteElo "2445"]
[BlackElo "2450"]
[Annotator "Belov,I"]
[PlyCount "57"]
[EventDate "1983.08.??"]
[EventType "tourn"]
[EventRounds "15"]
[EventCountry "URS"]
[EventCategory "8"]
[SourceTitle "MCL"]
[Source "ChessBase"]
[SourceDate "1999.07.01"]
[SourceVersion "1"]
[SourceVersionDate "1999.07.01"]
[SourceQuality "1"]

1. d4 Nf6 2. c4 e6 3. Nc3 Bb4 4. Nf3 c5 5. g3 Ne4 (5... cxd4 6. Nxd4 Ne4 7. Qd3
Qa5 8. Nb3 Nxc3 $10) 6. Qd3 d5 $6 (6... f5 $6 7. Bg2 cxd4 8. Nxd4 Na6 9. O-O
Nac5 10. Qe3 O-O {Aleksandrija,N-Lematschko,T (04)/Alicante m/1983/} 11. Nb1 $1
{/\a3,Nc2; Dvoretzky/}) (6... Qa5 7. Qxe4 Bxc3+ 8. Bd2 Bxd2+ 9. Nxd2 Nc6 10. d5
Nd4 $13) 7. Bg2 Qa5 8. O-O Bxc3 9. bxc3 Qxc3 10. Ba3 $1 Qxc4 (10... cxd4 $2 11.
cxd5 exd5 12. Rac1 $18) 11. Qxc4 dxc4 12. Rfc1 f5 (12... O-O 13. Ne5 Nf6 14.
Bxc5 Rd8 15. Nxc4 $16) (12... Na6 13. Ne5 Nf6 14. dxc5 $16) (12... cxd4 13.
Nxd4 Nf6 14. Nb5 Na6 15. Rxc4 $16) 13. dxc5 (13. Rxc4 b5 14. Rc2 c4 15. Ne5 Nd7
$13) 13... Nc6 14. Rxc4 Bd7 $5 (14... O-O 15. Rd1 Rd8 16. Rxd8+ Nxd8 17. Ne5
$16) 15. Rd1 O-O-O 16. Bb2 $1 Rhg8 17. h4 h6 (17... g6 $6 18. Ne1 $1) (17...
Nf6 $5) 18. Nd4 Ne5 $6 (18... Nxd4 $142 19. Rdxd4 Nf6 20. Rd6 $16) 19. Rcc1 Ba4
$6 20. Re1 Rge8 $6 (20... Rde8 $142) 21. Nb3 $1 $18 Rd5 (21... Nc6 22. Bxg7 Nb4
23. Rc4 $18) 22. f3 Nxg3 23. e4 Nd3 $8 24. exd5 Nxb2 25. Kh2 Nh5 26. Rxe6 Nf4
27. Rxe8+ Bxe8 28. Re1 Kd8 29. Na5 1-0

[Event "BCF-ch"]
[Site "Dundee"]
[Date "1993.??.??"]
[Round "10"]
[White "Kumaran, Dharshan"]
[Black "Emms, John M"]
[Result "1-0"]
[WhiteElo "2425"]
[BlackElo "2455"]
[Annotator "Bulletin"]
[PlyCount "95"]
[EventDate "1993.08.??"]
[EventType "swiss"]
[EventRounds "11"]
[EventCountry "SCO"]
[SourceTitle "CBM 038"]
[Source "ChessBase"]
[SourceDate "1994.02.01"]
[SourceVersion "1"]
[SourceVersionDate "1994.02.01"]
[SourceQuality "1"]

1. d4 Nf6 2. c4 e6 3. Nc3 Bb4 4. Nf3 c5 5. g3 cxd4 6. Nxd4 O-O 7. Bg2 d5 8. Qb3
Bxc3+ 9. Qxc3 e5 10. Nb3 Nc6 11. Bg5 d4 12. Qf3 a5 13. Nd2 Bg4 14. Qxg4 Nxg4
15. Bxd8 Rfxd8 16. h3 Nf6 17. Ne4 Nxe4 18. Bxe4 Ne7 19. g4 Rac8 20. b3 Rc7 (
20... b6) 21. h4 $1 g6 (21... f6 $5 22. h5 $14) 22. g5 h6 23. Kd2 Kg7 24. Kd3
Rd6 25. a3 f5 26. gxf6+ Rxf6 27. f3 Nf5 28. Bxf5 $1 $14 gxf5 29. b4 Kf7 30.
Rhg1 b5 $2 (30... Rfc6 31. Rgc1 b5 $1 32. c5 Ra7 33. f4 Kf6 34. fxe5+ Kxe5 $10)
31. cxb5 Rc3+ 32. Kd2 Rb6 33. a4 $1 axb4 34. Rab1 e4 35. fxe4 fxe4 36. Rxb4 e3+
37. Kd1 Ra3 $2 (37... Rb8 $1) 38. Kc2 Ra2+ 39. Kd3 Rd2+ 40. Kc4 Rb8 (40... Rxe2
41. Kxd4 $18) 41. Re1 Ke6 42. b6 Kd6 43. Kb5 Re8 44. a5 Re5+ 45. Ka6 Ra2 46.
Rb5 Rxb5 47. Kxb5 Rb2+ 48. Ka6 1-0

[Event "BCF-ch 82nd"]
[Site "Swansea"]
[Date "1995.??.??"]
[Round "8"]
[White "Ward, Christopher"]
[Black "Arkell, Keith C"]
[Result "1-0"]
[WhiteElo "2500"]
[BlackElo "2505"]
[Annotator "Bulletin"]
[PlyCount "97"]
[EventDate "1995.08.??"]
[EventType "swiss"]
[EventRounds "11"]
[EventCountry "WLS"]
[SourceTitle "EXT 1997"]
[Source "ChessBase"]
[SourceDate "1996.11.15"]
[SourceVersion "1"]
[SourceVersionDate "1996.11.15"]
[SourceQuality "1"]

1. d4 Nf6 2. c4 e6 3. Nc3 Bb4 4. g3 c5 5. Nf3 cxd4 6. Nxd4 Qc7 7. Qb3 (7. Qd3
Nc6 8. Ndb5 Qb8 9. Bf4 Ne5 10. Qd4 d6 11. Nxd6+ Bxd6 12. O-O-O {with a big
advantage to White was the game Polugaevsky-Seirawan Philips & Drew 1984.})
7... Bc5 (7... Na6) 8. Be3 d6 9. Bg2 a6 10. Na4 (10. Nc2 Nbd7 {has been played
before. Ward's choice is more aggressive.}) 10... Ba7 11. Nc2 Nbd7 12. O-O O-O
13. Rfd1 Bxe3 14. Nxe3 Rb8 {If Black can play ...b5 and exchange the white
c-pawn he will have an easy game due to his central pawns. Wwhite should have
now considered 15 Rac1.} 15. Qd3 b5 16. cxb5 axb5 17. Nc3 d5 18. Nxb5 Qb6 (
18... Qa5 $1 19. Na3 (19. a4 Ba6) 19... Rxb2 20. Nac4 dxc4 21. Nxc4 Qb5 22.
Nxb2 Qxb2 {Keith was worried about this position during the game, but
afterwards he realised that Black is absolutely fine.}) 19. Nd4 Ba6 (19... Qxb2
20. Rdb1) 20. Qa3 $1 e5 21. Ndf5 Bxe2 22. Rd2 $1 (22. Ne7+ Kh8 23. N7xd5 Nxd5
24. Nxd5 Qxb2) 22... Bc4 23. Ne7+ Kh8 24. N7xd5 Bxd5 25. Nxd5 Nxd5 26. Rxd5 Nf6
27. Rxe5 Qxb2 28. Qxb2 Rxb2 29. a4 {with a completely winning position.} g6 30.
Rb5 (30. a5 {was simpler.}) 30... Rxb5 31. axb5 Nd7 32. Ra8 Rxa8 33. Bxa8 Kg7
34. f4 Kf6 35. Kf2 Ke6 36. Ke3 h6 37. Kd4 Kd6 38. Bd5 f6 (38... f5 39. h4 $1) (
38... Ke7 39. Bc6 Nb6 40. Kc5 {so Black must make a weakness on the kingside
and the White king penetrates decisively.}) 39. Bf7 g5 40. Ke4 Ke7 41. Ba2 Kd6
42. Kf5 Kc5 43. Bf7 gxf4 44. gxf4 Nb6 45. Be8 Nd5 46. Bc6 Ne3+ 47. Kg6 Ng4 48.
h3 Nf2 49. h4 {[#]} 1-0

[Event "Yerevan"]
[Site "Yerevan"]
[Date "1989.??.??"]
[Round "?"]
[White "Dokhoian, Yury"]
[Black "Petrosian, Arshak B"]
[Result "1/2-1/2"]
[WhiteElo "2575"]
[BlackElo "2475"]
[Annotator "Bulletin"]
[PlyCount "49"]
[EventDate "1989.05.??"]
[EventType "tourn"]
[EventRounds "11"]
[EventCountry "URS"]
[EventCategory "12"]
[SourceTitle "CBM 014"]
[Source "ChessBase"]
[SourceDate "1990.02.01"]
[SourceVersion "1"]
[SourceVersionDate "1990.02.01"]
[SourceQuality "1"]

1. d4 Nf6 2. c4 e6 3. Nc3 Bb4 4. f3 c5 5. d5 Bxc3+ 6. bxc3 Qa5 7. Bd2 d6 (7...
exd5 8. cxd5 Nxd5 $2 9. c4 Nb4 10. a3 $18) 8. e4 O-O 9. Nh3 $6 exd5 10. cxd5
Bxh3 11. gxh3 Nh5 12. Rg1 Nd7 13. Rg5 g6 14. Qc2 Ng7 15. O-O-O f6 16. Rg2 f5
17. exf5 Rxf5 18. Bd3 Rxf3 19. Bxg6 hxg6 20. Qxg6 Rxc3+ 21. Kb1 Qb4+ 22. Ka1
Qd4 23. Qe6+ Kh7 24. Qh6+ Kg8 25. Qe6+ 1/2-1/2

[Event "GER-ch 85th"]
[Site "Verden/Aller"]
[Date "2014.11.29"]
[Round "9"]
[White "Stern, Rene"]
[Black "Fridman, Daniel"]
[Result "1/2-1/2"]
[WhiteElo "2546"]
[BlackElo "2639"]
[Annotator "CB"]
[PlyCount "113"]
[EventDate "2014.11.21"]
[EventType "swiss"]
[EventRounds "9"]
[EventCountry "GER"]
[SourceTitle "CBM 163 Extra"]
[Source "ChessBase"]
[SourceDate "2014.12.23"]
[SourceVersion "1"]
[SourceVersionDate "2014.12.23"]
[SourceQuality "1"]

{Rene Stern hätte es in dieser Partie mit einem frühen Remisangebot
wahrscheinlich ruhig angehen lassen können. Doch Stern spielte von Beginn an
entschlossen auf Gewinn - und hätte fast Erfolg damit gehabt.} 1. d4 Nf6 2. c4
e6 3. Nc3 Bb4 4. Bd2 c5 5. dxc5 O-O 6. Nf3 Bxc5 7. g3 Qb6 8. e3 Be7 9. Qb3 Qc5
10. Bg2 Nc6 11. Qb5 Qd6 12. O-O a6 13. Qa4 Qc5 14. e4 Ng4 15. Rac1 Nce5 16.
Nxe5 Nxe5 17. Qd1 Qc7 (17... Qxc4 18. Nd5) (17... Nxc4 18. Ne2 Qb5 19. a4 Qc5
20. b3) 18. Na4 Nd3 19. Rc2 d6 20. Be3 Nc5 21. Nc3 Rb8 22. Rd2 Nd7 23. Qe2 b5
24. cxb5 axb5 25. Rc2 (25. Nxb5 Qa5 26. a4 Qxa4 27. Nxd6 Ba6 28. Qd1 Qb4) 25...
Qa5 26. b4 Qxb4 27. Rb1 Qa3 28. Nxb5 Qa5 29. Rcb2 Ba6 30. Qd2 Qxd2 31. Bxd2 Nc5
32. Nd4 Rxb2 33. Rxb2 Bc4 (33... Bb7) 34. Nc6 Bd8 35. e5 Bc7 (35... dxe5 36.
Rc2) 36. Be3 Na6 37. f4 $6 {Hier hätte Stern den neuen deutschen Meister in
Schwierigkeiten bringen können - und zwar mit:} (37. exd6 Bxd6 38. Na5 {
Die schwarzen Leichtfiguren stehen so unglücklich, dass er Materialverlust
nicht vermeiden kann: Nach} Rc8 {folgt} ({Nach} 38... Bd3 39. Rd2 Bb4 (39...
Nb4 40. a3) 40. Rxd3 Bxa5 {gewinnt} 41. Ra3) (38... Be5 {versucht es mit einem
Gegenangriff, aber nach} 39. Nxc4 Bxb2 40. Nxb2 {hat Weiß mit dem
a-Freibauern und dem Läuferpaar beste Gewinnaussichten.}) 39. Bb7) 37... f6
38. exd6 Bxd6 39. Rc2 Bd5 {Die Gefahr für Schwarz ist vorbei und die Stellung
verflacht bald zu einem Remisendspiel.} 40. Bxd5 exd5 41. a4 Nb4 42. Nxb4 Bxb4
43. Bd2 Bxd2 44. Rxd2 Ra8 45. Ra2 Ra5 46. Kf2 Kf7 47. Ke3 Ke6 48. g4 h5 49. h3
hxg4 50. hxg4 g5 51. fxg5 fxg5 52. Kd4 Kd6 53. Ra1 Rc5 54. a5 Rc4+ 55. Kd3 Kc7
56. a6 Kb8 57. Ra5 1/2-1/2

[Event "Tashkent FIDE GP"]
[Site "Tashkent"]
[Date "2014.10.29"]
[Round "8"]
[White "Mamedyarov, Shakhriyar"]
[Black "Karjakin, Sergey"]
[Result "1/2-1/2"]
[WhiteElo "2764"]
[BlackElo "2767"]
[Annotator "CB"]
[PlyCount "81"]
[EventDate "2014.10.21"]
[EventType "tourn"]
[EventRounds "11"]
[EventCountry "UZB"]
[EventCategory "21"]
[SourceTitle "CBM 163"]
[Source "ChessBase"]
[SourceDate "2014.11.11"]
[SourceVersion "1"]
[SourceVersionDate "2014.11.11"]
[SourceQuality "1"]

1. d4 Nf6 2. c4 e6 3. Nc3 Bb4 4. f3 d5 5. a3 Bd6 6. e4 dxe4 (6... c5 {is the
hot line in this variation, but Karjakin's approach makes a lot of sense.}) 7.
fxe4 e5 {Rarely played but this idea of breakin with e5 instead of c5 looks
completely logical for the position. White will be very weak on the
darksquares no matter which approach he takes to the central tension.} 8. d5
O-O 9. Nf3 Bg4 10. h3 Bh5 11. Bd3 Bc5 12. g4 Bg6 13. Bc2 (13. Nxe5 Nbd7 14.
Nxg6 fxg6 $5 {Already looks scary for White after Black installs a knight on
e5. Notice how far away from castling he is.}) 13... Re8 14. Bg5 (14. b4 Bd4
15. Nxd4 exd4 16. Qxd4 Nc6 17. Qe3 Ne5 {should give Black enough compensation
to regain his pawn.}) 14... h6 15. Bh4 c6 16. b4 Be7 17. O-O a5 (17... Nxd5 {
is tempting but incorrect.} 18. exd5 Bxh4 19. Bxg6 fxg6 20. Ne4 {and now it is
White that has the compensation! His powerful knight on e4 and the passed pawn
on d5 give him enough for an advantage.}) 18. Nxe5 axb4 19. Nxg6 fxg6 20. e5 $5
{A risky move.} (20. axb4 Rxa1 21. Qxa1 Nxd5 22. exd5 Bxh4 23. Bxg6 Qd6 {
looks like a draw.}) 20... Nfd7 21. Bxe7 Qxe7 22. Bxg6 bxc3 23. Bxe8 Qxe8 (
23... Nxe5 $5) 24. e6 Nf6 25. Qd3 cxd5 26. cxd5 Na6 {Black has a material
advantage, but with those huge pawns on d5 and e6 it is clear that he is not
the one fighting for the advantage.} 27. Rae1 Nc7 28. d6 Nxe6 29. Qc4 Kf7 {
Visually this looks super risky, but the knights are excellent defenders.} 30.
Qe4 Rd8 31. Rxf6+ gxf6 32. Qh7+ Kf8 33. Qh8+ Kf7 34. Qh7+ Kf8 35. Rf1 Nf4 $1 {
This critical resource keeps Karjakin in the game... and with equality!} 36.
Qxh6+ Kf7 37. Qh7+ Kf8 38. Qh6+ Kf7 39. Qxf4 Qe6 40. Qf3 Qe5 41. Qxb7+ {
Even though White is up a pawn (he will lose d6 soon) his main problem is that
his king is too weak to do anything. Draw is the logical conclusion.} 1/2-1/2

[Event "Grenke Chess Classic 1st"]
[Site "Baden-Baden"]
[Date "2013.02.08"]
[Round "2"]
[White "Fridman, Daniel"]
[Black "Meier, Georg"]
[Result "1/2-1/2"]
[WhiteElo "2667"]
[BlackElo "2640"]
[Annotator "CB"]
[PlyCount "51"]
[EventDate "2013.02.07"]
[EventType "tourn"]
[EventRounds "10"]
[EventCountry "GER"]
[EventCategory "19"]
[SourceTitle "CBM 153"]
[Source "ChessBase"]
[SourceDate "2013.03.14"]
[SourceVersion "1"]
[SourceVersionDate "2013.03.14"]
[SourceQuality "1"]

1. c4 Nf6 2. Nc3 c5 3. Nf3 e6 4. d4 cxd4 5. Nxd4 Bb4 6. g3 Ne4 7. Qd3 Bxc3+ 8.
bxc3 Nc5 9. Qe3 b6 10. Bg2 Bb7 11. Bxb7 Nxb7 12. Ba3 Nc6 13. Nb5 Nca5 $146 ({
Predecessor:} 13... f6 14. Rd1 Nca5 15. Bb4 a6 16. Nd6+ Nxd6 17. Rxd6 Nc6 18.
Rxc6 {1-0 (18) Lenic,L (2598)-Horvath,T (2429) Austria 2009}) 14. Bb4 {Fridman
wasn't yet low on time, but he explained his reasoning for playing this
instead of potentially more promising moves: "In some ways I just believed him.
If I started to calculate all the variations I might play the same Bb4 but
without time on the clock."} a6 15. Qd4 {There was a lively tactical sequence
featuring this nice zwischenzug, but the game never left the bounds of
equality and finished in a logical repetition of moves.} f6 16. Bxa5 bxa5 17.
Nd6+ Nxd6 18. Qxd6 Rc8 19. Qxa6 Qc7 20. O-O Qxc4 21. Qxa5 Qxc3 22. Qh5+ Ke7 23.
Qg4 Kf7 24. Qh5+ Ke7 25. Qg4 Kf7 26. Qh5+ 1/2-1/2

[Event "Moscow Aeroflot op-A 10th"]
[Site "Moscow"]
[Date "2011.02.08"]
[Round "1"]
[White "Korobov, Anton"]
[Black "Vocaturo, Daniele"]
[Result "1-0"]
[WhiteElo "2670"]
[BlackElo "2570"]
[Annotator "CB"]
[PlyCount "109"]
[EventDate "2011.02.08"]
[EventType "swiss"]
[EventRounds "9"]
[EventCountry "RUS"]
[SourceTitle "CBM 141 Extra"]
[Source "ChessBase"]
[SourceDate "2011.05.03"]
[SourceVersion "1"]
[SourceVersionDate "2011.05.03"]
[SourceQuality "1"]

1. d4 Nf6 2. c4 e6 3. Nf3 d5 4. Nc3 Bb4 5. g3 dxc4 6. Bg2 O-O 7. O-O Nc6 8. a3
Be7 9. e4 Na5 10. Be3 c5 11. dxc5 Nd7 12. Qe2 Bxc5 13. Rad1 Bxe3 14. Qxe3 Qb6
15. Qe2 Nc5 16. Ne5 Qa6 17. Qh5 f6 {#} 18. Rd8 $3 {Korobov is a player capable
of great brilliancies, however he also tends to be a bit of a hit-and-miss,
possibly due to an excessive desire for that flashy win. This move is
definitely one of the "hits".} fxe5 (18... Rxd8 19. Qf7+ Kh8 20. Qe7 {It might
seem as if White is just winning back the rook here, but it goes deeper, since
after} Bd7 21. Nf7+ Kg8 22. Nxd8 h6 23. e5 $1 {White's attack is winning.}) 19.
Rxf8+ Kxf8 20. f4 Ke7 {#} 21. fxe5 $6 {Not the most precise, though the
Italian will eventually buckle under the pressure.} (21. Qxe5 Nd3 22. Qxg7+ Ke8
23. Bf3 $1 {with the idea of Bh5+ not to mention avoid problems from Qb6+ Kh1
Nf2+.} Kd8 24. f5 $1 {and the attack will break through.}) 21... Kd8 22. Qg5+
Kc7 23. Qe7+ Nd7 24. Kh1 Kb8 25. Bh3 Qc6 26. Bxe6 a6 27. Rf7 Nb6 28. Bd5 Nxd5
29. exd5 Qb6 30. e6 Ka7 {#} 31. Qb4 $1 {Anton offers to exchange queens since
the knight will be forced to move, and the kingside pawns are sitting ducks.}
Qxb4 32. axb4 Nb3 33. Rxg7 Nd4 34. Rxh7 {The rook is gobbling pawns quicker
than Pacman.} Nxe6 35. dxe6 Bxe6 36. Kg1 Rd8 37. Re7 Bh3 38. Kf2 Rd6 39. Re4
Rd2+ 40. Re2 Rd6 41. Ke3 Re6+ 42. Kf4 Rf6+ 43. Ke5 Re6+ 44. Kd4 Rd6+ 45. Nd5
Be6 46. Re5 b6 47. h4 Kb7 48. Ke4 Kc6 49. Nf4 Bg4 50. Rd5 Rf6 51. h5 b5 52. Rg5
Bd1 53. Rg6 Bc2+ 54. Ke5 Rxg6 55. hxg6 1-0